000 00395nam a2200193Ia 4500
001 11972
003 GE_BSU
008 181216s||||||||xx |||||||||||||| ||und||
040 _cGE_BSU
080 _a821.111-32
100 _aHiggins,Jack
245 _aSolo
260 _aLondon
260 _bBook Club Associates.
260 _c1980.
300 _a222p;20cm.
653 _aSolo
942 _cBK
999 _c45149
_d45149